| 000 | 00658nam a2200217Ia 4500 | ||
|---|---|---|---|
| 005 | 20260601193253.0 | ||
| 008 | 260601s9999||||xx |||||||||||||| ||und|| | ||
| 020 |
_a978-3-031-68323-7 _qebk |
||
| 100 | _aRobert Wrembel | ||
| 245 | 0 | _aBig Data Analytics and Knowledge Discovery | |
| 250 | _a2024 | ||
| 260 |
_aHeidelberg, Germany _bSpringer Nature _c2024 |
||
| 440 | _aLecture Notes in Computer Science | ||
| 650 | _aComputer Science | ||
| 700 | _aA Min Tjoa | ||
| 700 | _aGabriele Kotsis | ||
| 700 | _aIsmail Khalil | ||
| 700 | _aSilvia Chiusano | ||
| 856 | _uhttps://link.springer.com/openurl?genre=book&isbn=978-3-031-68323-7 | ||
| 942 |
_cEB _2ddc |
||
| 999 |
_c56793 _d56793 |
||